UBT Library

5500 questions and answers on the Holy Bible : (Record no. 38948)

000 -LEADER
fixed length control field 00642pam a2200217 a 4500
001 - CONTROL NUMBER
control field 1950625
005 - DATE AND TIME OF LATEST TRANSACTION
control field 20171214075944.0
008 - FIXED-LENGTH DATA ELEMENTS--GENERAL INFORMATION
fixed length control field 870915s1987 miu 000 0 eng
010 ## - LIBRARY OF CONGRESS CONTROL NUMBER
LC control number 87027919
020 ## - INTERNATIONAL STANDARD BOOK NUMBER
International Standard Book Number 0310248116 (pbk.)
040 ## - CATALOGING SOURCE
Original cataloging agency DLC
Transcribing agency DLC
Modifying agency DLC
041 ## - LANGUAGE CODE
Language code of text/sound track or separate title eng
080 ## - UNIVERSAL DECIMAL CLASSIFICATION NUMBER
Universal Decimal Classification number 220.6 JAM
082 00 - DEWEY DECIMAL CLASSIFICATION NUMBER
Classification number 220.6 JAM
Edition number 19
100 ## - Rafti
Rafti 24
101 ## - Shkurtesa
Shkurtesa TEO
245 00 - TITLE STATEMENT
Title 5500 questions and answers on the Holy Bible :
740 0# - ADDED ENTRY--UNCONTROLLED RELATED/ANALYTICAL TITLE
Uncontrolled related/analytical title Fifty five hundred questions and answers on the Holy Bible.
906 ## - LOCAL DATA ELEMENT F, LDF (RLIN)
a 7
b cbc
c orignew
d 1
e ocip
f 19
g y-gencatlg
942 ## - ADDED ENTRY ELEMENTS (KOHA)
Source of classification or shelving scheme
Item type Books
Holdings
Withdrawn status Lost status Source of classification or shelving scheme Damaged status Not for loan Permanent location Current location Date acquired Total Checkouts Full call number Barcode Date last seen Price effective from Koha item type
          UBT - Lipjan UBT - Lipjan 12/14/2017   220.6 JAM 002-2939128 12/14/2017 12/14/2017 Books
UBT Library © 2015-2024. All rights reserved University Education for Business and Technology